00430nam a2200133Ia 450000500170000000800410001704100080005810000260006624500150009226000330010730000200014099900190016095201170017920251223131551.0251219s9999 xx 000 0 und d aeng aVenkatesan C 9215441 aTransform  bPenguin Business/Indiac2021 a263bHard Bound c369495d369495 00104070aHIMRbHIMRd2025-12-11g399.00l0pHIMR-DB-3241r2025-12-23 13:15:51v399.00w2025-12-23yDBzDB3241